000 00703nam a2200253Ia 4500
003 OSt
005 20220912151720.0
006 a|||||r|||| 00| 0
007 ta
008 220909b |||||||| |||| 00| 0 eng d
024 _a42468
037 _cTextual
040 _aCSL
_beng
_cCSL
041 _aeng
082 _aG111:1996, K7
100 _aFriedenberg R M
245 0 _aElectrostatics of biological cell membranes
260 _aAmsterdam
_bNorth-Holland
_c1967
300 _a235p.
_ccm.
490 _aNorth-Holland research monographs frontiers of biology; 8
650 _aBiology
942 _hG111:1996, K7
_cTEXL
_2CC
999 _c73927
_d73927